000 00361nam a2200145Ia 4500
100 _aAnderson B/ Shanley/Tom
650 _aPentium Processor
942 _cBK
654 _apentium processor
245 _aPentium Processor Systems Architecture
260 _bAddison Wesley Pub
_aNew Delhi
082 _a004.165/AND
_bAND
546 _aENGLISH
999 _c22045
_d22045